| 000 | 00527nam a22001817a 4500 | ||
|---|---|---|---|
| 005 | 20251108171940.0 | ||
| 008 | 250721s1987 xx 000 0 ara d | ||
| 082 | 1 | 4 | _aط/597/مطل |
| 100 | 1 | _aمطلق، رفيق | |
| 245 | 1 | 0 | _aالأسماك / |
| 264 | 1 |
_aبيروت : _bمكتبة لبنان، _c1987. |
|
| 300 | _a31ص : مص | ||
| 490 | 0 |
_aكتب الفراشة _v21 |
|
| 650 | 1 | 7 | _aالأسماك (حيوان) |
| 653 | _aأطفال مرحلة متوسطة (6-9 سنوات) | ||
| 942 |
_2ddc _cBK |
||
| 999 |
_c66658 _d66658 |
||